|
|
|
|
| LEADER |
02664nam a2200733 i 4500 |
| 001 |
nkc20253713435 |
| 003 |
CZ PrNK |
| 005 |
20260506135621.0 |
| 007 |
ta |
| 008 |
251010s2025 xr a g 000 jdcze |
| 015 |
|
|
|a cnb003713435
|
| 020 |
|
|
|a 978-80-88642-26-8
|q (brožováno)
|z 978-80-87282-40-3
|
| 035 |
|
|
|a (OCoLC)1572322903
|
| 040 |
|
|
|a BOA001
|b cze
|e rda
|
| 041 |
1 |
|
|a cze
|a grc
|a heb
|h grc
|h heb
|
| 045 |
|
|
|a e-e-
|
| 072 |
|
7 |
|a 821.162.3-3
|x Česká próza
|2 Konspekt
|9 25
|
| 080 |
|
|
|a 821.162.3-32
|2 MRF
|
| 080 |
|
|
|a 27-246
|2 MRF
|
| 080 |
|
|
|a 27-317/-318
|2 MRF
|
| 080 |
|
|
|a 27-236.5
|2 MRF
|
| 080 |
|
|
|a 27-232/-236
|2 MRF
|
| 080 |
|
|
|a 27-236
|2 MRF
|
| 080 |
|
|
|a 27-234
|2 MRF
|
| 080 |
|
|
|a 2-231
|2 MRF
|
| 080 |
|
|
|a (0:82-322.2)
|2 MRF
|
| 100 |
1 |
|
|a Flek, Alexandr,
|d 1968-
|7 xx0003017
|4 aut
|4 com
|4 trl
|
| 245 |
1 |
0 |
|a Parabible :
|b tisková zpráva o našem prezidentovi Ježíši z Nošovic /
|c Alexandr Flek
|
| 250 |
|
|
|a Čtvrté, rozšířené vydání
|
| 264 |
|
1 |
|a Praha :
|b Biblion,
|c 2025
|
| 300 |
|
|
|a 213 stran :
|b ilustrace ;
|c 19 cm
|
| 336 |
|
|
|a text
|b txt
|2 rdacontent
|
| 337 |
|
|
|a bez média
|b n
|2 rdamedia
|
| 338 |
|
|
|a svazek
|b nc
|2 rdacarrier
|
| 546 |
|
|
|a Částečně souběžný řecký a hebrejský text
|
| 600 |
0 |
7 |
|a Ježíš Kristus
|7 ola2002103454
|2 czenas
|
| 600 |
0 |
9 |
|a Jesus Christ
|2 eczenas
|
| 630 |
0 |
7 |
|a Bible.
|p Nový zákon
|7 unn2006374670
|2 czenas
|
| 630 |
0 |
9 |
|a Bible.
|p New Testament
|2 eczenas
|
| 648 |
|
7 |
|a 1. století
|7 ch460539
|2 czenas
|
| 650 |
0 |
7 |
|a učení Ježíše Krista
|7 ph838923
|2 czenas
|
| 650 |
0 |
7 |
|a biblické postavy
|7 ph118857
|y 1. století
|2 czenas
|
| 650 |
0 |
7 |
|a biblické události
|7 ph138437
|y 1. století
|2 czenas
|
| 650 |
0 |
7 |
|a biblické texty
|7 ph118860
|2 czenas
|
| 650 |
0 |
7 |
|a biblické parafráze
|7 ph138436
|2 czenas
|
| 650 |
0 |
7 |
|a biblické překlady
|7 ph115820
|2 czenas
|
| 650 |
0 |
7 |
|a biblické citáty
|7 ph118853
|2 czenas
|
| 650 |
0 |
9 |
|a teaching of Jesus Christ
|2 eczenas
|
| 650 |
0 |
9 |
|a Bible persons
|y 1st century
|2 eczenas
|
| 650 |
0 |
9 |
|a Biblical events
|y 1st century
|2 eczenas
|
| 650 |
0 |
9 |
|a Biblical texts
|2 eczenas
|
| 650 |
0 |
9 |
|a Biblical paraphrases
|2 eczenas
|
| 650 |
0 |
9 |
|a Biblical translations
|2 eczenas
|
| 650 |
0 |
9 |
|a Biblical quotations
|2 eczenas
|
| 655 |
|
7 |
|a české příběhy
|7 fd133973
|2 czenas
|
| 655 |
|
7 |
|a náboženské příběhy
|7 fd653708
|2 czenas
|
| 655 |
|
9 |
|a Czech stories
|2 eczenas
|
| 655 |
|
9 |
|a religious stories
|2 eczenas
|
| 730 |
0 |
|
|a Bible.
|p Nový zákon
|7 unn2006374670
|
| 910 |
2 |
|
|a BOA001
|b 1-1550.385
|
| 990 |
|
|
|a BK
|
| 995 |
|
|
|a 01
|
| 991 |
|
|
|b 202510
|c NOV
|
| 996 |
6 |
|
|b 2611015573
|c 1-1550.385
|l MZK
|r Sklad / do 1 hodiny
|n 0
|p p.v.
|w 002021650
|u 000010
|a 1
|e BOA001
|j MZK50
|s P
|